The Writer in the Landscape: Authorial Self-Representation and Literary Form in the Landscape Writings of "Unamuno" and "Azorín". (Record no. 73020)

MARC details
000 -LEADER
campo de control de longitud fija 00621nmm a2200169Ia 4500
008 - DATOS DE LONGITUD FIJA--INFORMACIÓN GENERAL
campo de control de longitud fija 251105s9999||||xx |||||||||||||||||und||
020 ## - NÚMERO INTERNACIONAL ESTÁNDAR DEL LIBRO
Número Internacional Estándar del Libro 1882528476
041 ## - CÓDIGO DE IDIOMA
Código de lengua del texto/banda sonora o título independiente eng
100 ## - ENTRADA PRINCIPAL--NOMBRE DE PERSONA
Nombre de persona Strzeszewski, Mary Ruth
245 #4 - MENCIÓN DEL TÍTULO
Título The Writer in the Landscape: Authorial Self-Representation and Literary Form in the Landscape Writings of "Unamuno" and "Azorín".
264 ## - PRODUCCIÓN, PUBLICACIÓN, DISTRIBUCIÓN, FABRICACIÓN Y COPYRIGHT
Producción, publicación, distribución, fabricación y copyright [Washington, Estados Unidos] :
Nombre del de productor, editor, distribuidor, fabricante Scripta Humanistica,
Fecha de producción, publicación, distribución, fabricación o copyright 2006
300 ## - DESCRIPCIÓN FÍSICA
Extensión 168 páginas
490 ## - MENCIÓN DE SERIE
Mención de serie Spanish 19th and 20th Centuries Literature
650 ## - PUNTO DE ACCESO ADICIONAL DE MATERIA--TÉRMINO DE MATERIA
Término de materia o nombre geográfico como elemento de entrada Spanish literature
856 ## - LOCALIZACIÓN Y ACCESO ELECTRÓNICOS
Identificador Uniforme de Recursos <a href="https://public.digitaliapublishing.com/a/301">https://public.digitaliapublishing.com/a/301</a>
942 ## - ELEMENTOS DE ENTRADA SECUNDARIOS (KOHA)
Tipo de ítem Koha Libro Digital

No items available.

Powered by Koha